The economic of development and planning/ (Record no. 196213)

MARC details
000 -LEADER
fixed length control field 00432nam a22001697a 4500
005 - DATE AND TIME OF LATEST TRANSACTION
control field 20230606171112.0
010 ## - LCCN (DPL NO)
LC control number B-685162
020 ## - INTERNATIONAL STANDARD BOOK NUMBER
Terms of availability 290.00
035 ## - SYSTEM CONTROL NUMBER
System control number B-685162
037 ## - SOURCE OF ACQUISITION
Source of stock number/acquisition K.K.Publications
100 ## - MAIN ENTRY--PERSONAL NAME
Personal name Jhingan,M.L
245 ## - TITLE STATEMENT
Title The economic of development and planning/
Statement of responsibility, etc by M.L.Jhingan
260 ## - PUBLICATION, DISTRIBUTION, ETC. (IMPRINT)
Place of publication, distribution, etc Delhi
Name of publisher, distributor, etc K.K.Publications
270 ## - ADDRESS
Address Dariyaganj,
City Delhi
Postal code 110002
300 ## - PHYSICAL DESCRIPTION
Extent vp.
Dimensions 22cm
942 ## - ADDED ENTRY ELEMENTS (KOHA)
Source of classification or shelving scheme Dewey Decimal Classification
Item type English Books
Call number suffix JHI
Holdings
Withdrawn status Lost status Not for loan Home library Current library Date acquired Cost, normal purchase price Full call number Barcode Copy number Cost, replacement price Koha item type
      Central Library Central Library 06/06/2023 290.00 JHI B-685162 1 290.00 English Books

© Delhi Public Library
Hit Counter
free hit counter